[Event "Red River Shootout 16th"]
[Site "Davis"]
[Date "2018.04.21"]
[Round "1.3"]
[White "Hodgden, Paul Michael"]
[Black "Fiorini, Phillip James"]
[Result "1-0"]
[WhiteElo "1873"]
[BlackElo "1559"]
[PlyCount "99"]
[EventDate "2018.04.21"]
[EventType "team-match"]
[EventRounds "2"]
[EventCountry "USA"]
[SourceTitle "CBM 184 Extra"]
[Source "ChessBase"]
[SourceDate "2018.06.28"]
[SourceVersion "1"]
[SourceVersionDate "2018.06.28"]
[SourceQuality "1"]
[WhiteTeam "Oklahoma"]
[BlackTeam "Texas"]
[WhiteTeamCountry "USA"]
[BlackTeamCountry "USA"]

1. e4 e6 2. d4 d5 3. Nc3 Nf6 4. Bg5 Be7 5. e5 Nfd7 6. h4 h6 7. Be3 c5 8. Qg4 Bf8 9. Nf3 cxd4 10. Bxd4 Nc6 11. 0-0-0 Nxd4 12. Rxd4 a6 13. h5 Qc7 14. Qg3 b5 15. Rg4 Bb7 16. Rxg7 Bxg7 17. Qxg7 0-0-0 18. Qxf7 Nc5 19. Qxc7+ Kxc7 20. Nd4 Rde8 21. f3 Rhg8 22. b4 Nd7 23. f4 Rg5 24. Nce2 Bc8 25. g3 Nb6 26. Bh3 Rg7 27. Kd2 Nc4+ 28. Kd3 Bd7 29. Nb3 Kb6 30. Nc5 Bc8 31. Rg1 a5 32. c3 axb4 33. cxb4 Ra7 34. Nc3 Ra3 35. Bg4 Re7 36. Be2 Rg7 37. Kc2 Bd7 38. Bxc4 bxc4 39. Kb2 Ra8 40. a4 Rf8 41. Ne2 Bc8 42. Kc3 Rfg8 43. Kd4 Bd7 44. Ke3 Ra8 45. Ra1 Bc8 46. Kf2 Bd7 47. Nd4 Re7 48. a5+ Kc7 49. g4 Rb8 50. Na6+ 1-0